000 00922cab a2200205 4500
001 L136278
008 070123n2007 000 0 eng u
035 _a(Sirsi) u136278
041 0 _aeng
100 1 _aHopkins, Phillip
245 0 0 _aDeposits
_bwhat are the alternatives?
260 _c2007
490 0 0 _aLetting Update Journal
_v4(14) January 20, 18-19(2)
520 _aExamines some possible alternative approaches to taking deposits for landlords and agents and re-examines the function and purposes of the deposits currently taken. Covers catches in the Housing Act 2004, penalites and traps for the unwary and discusses the relative merits and drawbacks of guarantors, insurance, rigorous tenant vetting and use of credit cards.
590 _aKA
650 2 4 _aHOUSING ACT 2004
651 4 _aEngland and Wales
_y1543-
690 _aPROPERTY-RESIDENTIAL PROPERTY-RESIDENTIAL LANDLORD AND TENANT
942 _n0
999 _c78225
_d78225